[Event "La Palma Island op"]
[Site "Santa Cruz de La Palma"]
[Date "2022.08.08"]
[Round "4"]
[White "Estremera Panos, Sergio"]
[Black "Gil Jimenez, Ruben"]
[Result "1-0"]
[WhiteElo "2262"]
[BlackElo "1881"]
[PlyCount "39"]
[EventDate "2022.08.06"]
[EventType "swiss"]
[EventRounds "9"]
[EventCountry "ESP"]
[SourceTitle "CBM 209 Extra"]
[Source "ChessBase"]
[SourceDate "2022.09.30"]
[SourceVersion "1"]
[SourceVersionDate "2022.09.30"]
[SourceQuality "1"]

1. d4 c5 2. d5 e5 3. e4 d6 4. Nc3 g6 5. h4 Nf6 6. Bb5+ Bd7 7. a4 Qa5 8. Bd2 Na6 9. Qf3 Be7 10. Bxd7+ Nxd7 11. h5 g5 12. Nge2 f6 13. 0-0 0-0-0 14. Ng3 Rhg8 15. Nf5 Rde8 16. Qe2 Qb6 17. Nb5 Ndb8 18. a5 Qd8 19. Nxa7+ Kd7 20. Qg4 1-0

[Event "ESP-ch U16"]
[Site "Salobrena"]
[Date "2022.07.25"]
[Round "1"]
[White "Galstyan, David"]
[Black "Gil Jimenez, Ruben"]
[Result "1-0"]
[WhiteElo "2035"]
[BlackElo "1675"]
[PlyCount "53"]
[EventDate "2022.07.25"]
[EventType "swiss"]
[EventRounds "9"]
[EventCountry "ESP"]
[SourceTitle "EXT 2023"]
[Source "ChessBase"]
[SourceDate "2022.10.05"]
[SourceVersion "1"]
[SourceVersionDate "2022.10.05"]
[SourceQuality "1"]

1. e4 e6 2. d4 d5 3. Nc3 dxe4 4. Nxe4 Nd7 5. g3 Ngf6 6. Nxf6+ Nxf6 7. Bg2 c5 8. Nf3 Be7 9. 0-0 0-0 10. dxc5 Bxc5 11. Qe2 Qb6 12. c3 Bd7 13. b4 Be7 14. Ne5 Rac8 15. Bb2 Bc6 16. Bxc6 bxc6 17. Rfe1 Rfd8 18. Nxf7 Kxf7 19. Qxe6+ Kf8 20. Qxe7+ Kg8 21. c4 Rf8 22. Qe6+ Kh8 23. Bxf6 gxf6 24. a3 Qd4 25. Rad1 Qb2 26. Rd7 f5 27. Qe7 1-0

[Event "ESP-ch U14"]
[Site "Salobrena"]
[Date "2022.07.23"]
[Round "9"]
[White "Villa Tornero, Alex"]
[Black "Gil Jimenez, Ruben"]
[Result "1-0"]
[WhiteElo "2106"]
[BlackElo "1675"]
[PlyCount "53"]
[EventDate "2022.07.18"]
[EventType "swiss"]
[EventRounds "9"]
[EventCountry "ESP"]
[SourceTitle "EXT 2023"]
[Source "ChessBase"]
[SourceDate "2022.10.05"]
[SourceVersion "1"]
[SourceVersionDate "2022.10.05"]
[SourceQuality "1"]

1. e4 e6 2. d4 d5 3. Nc3 dxe4 4. Nxe4 Nd7 5. Nf3 Ngf6 6. Nxf6+ Nxf6 7. Be3 Nd5 8. Bd2 c5 9. Bb5+ Bd7 10. Bxd7+ Qxd7 11. c4 Nf6 12. Ne5 Qxd4 13. Qa4+ Ke7 14. Bc3 Qd6 15. Rd1 Qc7 16. 0-0 g6 17. g4 Bg7 18. g5 Nd5 19. cxd5 Bxe5 20. d6+ Bxd6 21. Bf6+ Kf8 22. Bxh8 Bxh2+ 23. Kh1 Bf4 24. Bf6 Bd6 25. Rd2 a6 26. Rfd1 b5 27. Qe4 1-0

[Event "ESP-ch U14"]
[Site "Salobrena"]
[Date "2022.07.22"]
[Round "7"]
[White "Gil Jimenez, Ruben"]
[Black "Moreno Burillo, Marcos Antonio"]
[Result "1-0"]
[WhiteElo "1675"]
[BlackElo "1775"]
[PlyCount "99"]
[EventDate "2022.07.18"]
[EventType "swiss"]
[EventRounds "9"]
[EventCountry "ESP"]
[SourceTitle "EXT 2023"]
[Source "ChessBase"]
[SourceDate "2022.10.05"]
[SourceVersion "1"]
[SourceVersionDate "2022.10.05"]
[SourceQuality "1"]

1. d4 f5 2. Nf3 d6 3. g3 Nf6 4. Bg2 g6 5. 0-0 Bg7 6. Nc3 0-0 7. Nd2 c6 8. a4 e5 9. dxe5 dxe5 10. e4 Qe7 11. Qe2 Na6 12. Nc4 fxe4 13. Nxe4 Nxe4 14. Bxe4 Nc5 15. Bg2 Be6 16. b3 Bd5 17. Ba3 b6 18. Rad1 Rad8 19. Rfe1 Qf7 20. Ne3 Bxg2 21. Nxg2 Rfe8 22. Bxc5 bxc5 23. Ne3 Rd4 24. Nc4 Rf8 25. Rd2 e4 26. Nd6 Rxd2 27. Qxd2 Qd5 28. Nxe4 Bd4 29. Qe2 Qf5 30. c3 Bg7 31. Qc4+ Kh8 32. Qxc5 Qxc5 33. Nxc5 Bxc3 34. Rc1 Bd4 35. Nd3 c5 36. Kg2 a5 37. f4 Rc8 38. Kf3 Kg7 39. Ke4 Kf6 40. Kd5 Rd8+ 41. Kc4 Rb8 42. Re1 Rb7 43. Rb1 Be3 44. Re1 Bd4 45. Re8 Bg1 46. h3 Rd7 47. Nxc5 Rc7 48. Re5 Bh2 49. Kb5 Bxg3 50. Ne4+ 1-0

[Event "ESP-ch U14"]
[Site "Salobrena"]
[Date "2022.07.20"]
[Round "5"]
[White "Gil Jimenez, Ruben"]
[Black "Fonteboa Lopez, Samuel"]
[Result "1-0"]
[WhiteElo "1675"]
[BlackElo "1463"]
[PlyCount "67"]
[EventDate "2022.07.18"]
[EventType "swiss"]
[EventRounds "9"]
[EventCountry "ESP"]
[SourceTitle "EXT 2023"]
[Source "ChessBase"]
[SourceDate "2022.10.05"]
[SourceVersion "1"]
[SourceVersionDate "2022.10.05"]
[SourceQuality "1"]

1. d4 e6 2. Nf3 d5 3. g3 c5 4. Bg2 Nc6 5. 0-0 Nf6 6. c4 cxd4 7. Nxd4 Be7 8. Nc3 Nxd4 9. Qxd4 dxc4 10. Qxc4 0-0 11. Bf4 Bd7 12. Bxb7 Rc8 13. Bxc8 Bxc8 14. Qc7 Qxc7 15. Bxc7 Ba6 16. Rfd1 Rc8 17. Be5 Bb4 18. Rac1 h6 19. a3 Bc5 20. e3 Bb7 21. Na4 Ne4 22. Bd4 Bxd4 23. Rxc8+ Bxc8 24. Rxd4 Bb7 25. Nc3 Ng5 26. Rd8+ Kh7 27. e4 Nf3+ 28. Kg2 Ne1+ 29. Kf1 Nf3 30. h4 Ne5 31. b4 Kg6 32. Rb8 Bc6 33. b5 Bd7 34. Rd8 1-0

[Event "ESP-ch U14"]
[Site "Salobrena"]
[Date "2021.07.14"]
[Round "5"]
[White "Gil Jimenez, Ruben"]
[Black "Torres Rebolledo, Alvaro"]
[Result "1-0"]
[WhiteElo "1412"]
[BlackElo "1635"]
[PlyCount "121"]
[EventDate "2021.07.12"]
[EventType "swiss"]
[EventRounds "9"]
[EventCountry "ESP"]
[SourceTitle "EXT 2022"]
[Source "ChessBase"]
[SourceDate "2021.10.06"]
[SourceVersion "1"]
[SourceVersionDate "2021.10.06"]
[SourceQuality "1"]

1. d4 d5 2. Nf3 Nf6 3. g3 e6 4. Bg2 Be7 5. 0-0 0-0 6. c4 dxc4 7. Ne5 c6 8. Nc3 Nbd7 9. Nxc4 Nd5 10. e4 N5f6 11. Be3 b5 12. Nd2 b4 13. Ne2 Bb7 14. Rc1 e5 15. h3 exd4 16. Nxd4 Ne5 17. Qa4 c5 18. Nf5 Nd3 19. Rc2 a5 20. Rd1 Nd7 21. Nc4 Nb8 22. Rcd2 Ba6 23. Rxd3 Qc7 24. Nxe7+ Qxe7 25. Qc2 Nc6 26. b3 a4 27. Rd7 Qe8 28. Bxc5 Bxc4 29. bxc4 Ne5 30. R7d5 b3 31. Qc3 Ng6 32. Bxf8 Qxf8 33. axb3 a3 34. Ra5 Rxa5 35. Qxa5 Qe7 36. Ra1 h5 37. Qxa3 Qg5 38. Qc1 Qe5 39. Ra8+ Kh7 40. Qe3 h4 41. Ra7 hxg3 42. fxg3 f6 43. c5 Ne7 44. Rxe7 Qxe7 45. Qd4 Qa7 46. b4 Qb8 47. Kh2 Qb5 48. Qc3 Qc6 49. b5 Qxb5 50. c6 Qb8 51. c7 Qc8 52. Qc6 f5 53. Qd6 f4 54. Qxf4 g5 55. Qf5+ Qxf5 56. exf5 g4 57. c8Q Kg7 58. Qe6 Kh8 59. Qe7 Kg8 60. f6 Kh8 61. Qg7# 1-0

[Event "ESP-ch U12"]
[Site "Salobrena"]
[Date "2021.07.07"]
[Round "5"]
[White "Torres Rebolledo, Alvaro"]
[Black "Gil Jimenez, Ruben"]
[Result "1-0"]
[WhiteElo "1635"]
[BlackElo "1412"]
[PlyCount "37"]
[EventDate "2021.07.05"]
[EventType "swiss"]
[EventRounds "9"]
[EventCountry "ESP"]
[SourceTitle "EXT 2022"]
[Source "ChessBase"]
[SourceDate "2021.10.06"]
[SourceVersion "1"]
[SourceVersionDate "2021.10.06"]
[SourceQuality "1"]

1. e4 d5 2. exd5 Qxd5 3. Nc3 Qd8 4. Bc4 Nf6 5. Nf3 Bf5 6. Ne5 e6 7. Qf3 c6 8. Nxf7 Kxf7 9. Qxf5 Qd7 10. Ne4 Ke7 11. Qf4 Nxe4 12. Qxe4 Na6 13. d4 h6 14. 0-0 g5 15. Re1 Nc7 16. f4 gxf4 17. Bxf4 b5 18. Bb3 Nd5 19. Be5 1-0

[Event "ESP-ch U12"]
[Site "Salobrena"]
[Date "2021.07.05"]
[Round "2"]
[White "Gil Jimenez, Ruben"]
[Black "Juan Lepp, Jaime Boris"]
[Result "0-1"]
[WhiteElo "1412"]
[BlackElo "1810"]
[PlyCount "62"]
[EventDate "2021.07.05"]
[EventType "swiss"]
[EventRounds "9"]
[EventCountry "ESP"]
[SourceTitle "EXT 2022"]
[Source "ChessBase"]
[SourceDate "2021.10.06"]
[SourceVersion "1"]
[SourceVersionDate "2021.10.06"]
[SourceQuality "1"]

1. d4 d5 2. Nf3 Nc6 3. g3 Bg4 4. Bg2 Qd7 5. Ne5 Nxe5 6. dxe5 e6 7. f4 h5 8. c4 c6 9. cxd5 exd5 10. Nc3 Nh6 11. Qd4 Be7 12. b3 Nf5 13. Qd3 d4 14. Ne4 Nh6 15. Bb2 Rd8 16. Rd1 Qc7 17. Bxd4 Qa5+ 18. Kf2 c5 19. Bc3 Qb6 20. Qc4 0-0 21. Rxd8 Rxd8 22. e3 Be6 23. Qa4 Ng4+ 24. Ke2 Bd7 25. Qa5 Bb5+ 26. Kf3 Rd3 27. Re1 Nxh2+ 28. Kf2 Ng4+ 29. Kf3 Bc6 30. Qxb6 axb6 31. Ba1 Rd2 0-1